000 00573nam a2200157 i 4500
001 173217
003 ES-MaACL
005 20230906215158.0
008 091118q1914 mx 000 p spa d
245 0 0 _aTragedia compuesta a la actual Revolución por el pueblo maderista.
260 _a[México :
_bs.n.,
_cca. 1914]
300 _a1 h. pleg. ;
_c32 cm.
597 _a1 h. de color naranja, doblada, con versos.
651 4 _aMéxico-
_xHistoria-
_y1910-1917, Revolución armada.
_9151495
852 4 _aES-MaACL
_j2254-F-34
_xHoja encontrada dentro del folleto 1498-F-5
999 _c173217
_d173217